Historical Rulers #2 - Statistics

General Stats
  • This quiz has been taken 47,549 times
  • The average score is 15 of 24
Answer Stats
Ruler Nation % Correct
Cleopatra Egypt
100%
Henry VIII England
94%
Charlemagne Frankish Empire
94%
Peter the Great Russia
93%
The Yongle Emperor China
79%
The Meiji Emperor Japan
79%
Pol Pot Cambodia
76%
Atilla Hunnic Empire
74%
Xerxes Persian Empire
73%
Vlad the Impaler Wallachia (Romania)
73%
Hamlet Denmark
69%
Leopold II Belgium
65%
Frederick the Great Prussia
62%
Urban II The Papal States
54%
Ashoka Maurya Empire (India)
53%
Pericles Athens
52%
Justinian Byzantine Empire
50%
Owain Glyndŵr Wales
45%
Shaka Zulu Kingdom
43%
Mansa Musa Mali Empire
42%
Casimir the Great Poland
38%
Mobutu Sese Seko Zaire
36%
Dido Carthage
32%
Muawiyah I Umayyad Caliphate
19%
No matching quizzes found
Score Distribution
Percent of People with Each Score
Percentile by Number Answered
Your Score History
You have not taken this quiz